/كتاب الجهاد (Record no. 14022)
[ view plain ]
| 000 -الفاتح | |
|---|---|
| حقل البيانات ثابتة الطول | 00784nam a22001817a 4500 |
| 008 - عناصر البيانات ثابتة الطول - معلومات عامة | |
| حقل البيانات ثابتة الطول | 100530t xxu||||g |||| 000 0 ara d |
| 020 ## - الرقم الدولى المعيارى للكتب | |
| الرقم الدولى المعيارى للكتاب | 9770203629 |
| 082 ## - رقم تصنيف ديوى العشرى | |
| رقم الطبعة | 22 |
| رقم التصنيف | 256 |
| رقم المادة | م ح م |
| 100 ## - المدخل الرئيسى - إسم شخصى | |
| 9 (RLIN) | 14336 |
| الإسم الشخصى | محمود، عبد الحليم |
| 245 ## - بيان العنوان | |
| العنوان | /كتاب الجهاد |
| بيان المسئوليه,etc | عبد الحليم محمود |
| 260 ## - PUBLICATION, DISTRIBUTION, ETC. (IMPRINT) | |
| مكان الناشر او الموزع | القاهرة: |
| اسم الناشر او الموزع | دار المعارف ،[?1983] |
| تاريخ النشر أو التوزيع | [?1983] |
| 300 ## - الوصف المادى | |
| التعداد | 215 ص ؛ |
| أبعاد الوعاء | 20 سم. |
| 500 ## - تبصرة عامة | |
| تبصرة عامة | إهداء: علاء عبد الغني |
| 500 ## - تبصرة عامة | |
| تبصرة عامة | العنوان على الغلاف: الجهاد فى الإسلام |
| 650 ## - المدخل الاضافى بالموضوع-مصطلح موضوعى | |
| مصطلح موضوعي أو اسم جغرافي كعنصر مدخل | الجهاد في الإسلام |
| 9 (RLIN) | 14747 |
| 942 ## - عناصر المدخل الإضافي( كوها) | |
| مصدر التصنيف او مخطط الترفيف | Dewey Decimal Classification |
| Koha [default] item type | Book - Borrowing |
| حالة التراجع | حالة الفقد | مصدر التصنيف او خطة الترفيف | حالة تلف | ليس للاعارة | مجموعات كوها | المكان الدائم | المكان الحالي | موقع الترفيف | تاريخ الاكتساب | Source of acquisition | رقم الاستدعاء | الباركود | Date last seen | نوع الوعاء |
|---|---|---|---|---|---|---|---|---|---|---|---|---|---|---|
| Dewey Decimal Classification | Central Library | Central Library | Lower Floor | 30/05/2010 | Donation | 256 محم | 000020375 | 15/07/2025 | Book - Borrowing |